| 000 -LEADER |
| fixed length control field |
01798nam a2200325 i 4500 |
| 001 - CONTROL NUMBER |
| control field |
ocn957513229 |
| 003 - CONTROL NUMBER IDENTIFIER |
| control field |
OCoLC |
| 005 - DATE AND TIME OF LATEST TRANSACTION |
| control field |
20250306092547.0 |
| 008 - FIXED-LENGTH DATA ELEMENTS--GENERAL INFORMATION |
| fixed length control field |
210407r20162008enk e 000 1 eng d |
| 020 ## - INTERNATIONAL STANDARD BOOK NUMBER |
| International Standard Book Number |
9780751553291 |
| 040 ## - CATALOGING SOURCE |
| Original cataloging agency |
AU@ |
| Language of cataloging |
eng |
| Transcribing agency |
AU@ |
| Description conventions |
rda |
| Modifying agency |
OCLCO |
| -- |
OCLCF |
| -- |
OCLCO |
| -- |
VP@ |
| -- |
CaOL |
| -- |
KH8 |
| 082 ## - DEWEY DECIMAL CLASSIFICATION NUMBER |
| Classification number |
FIC COL |
| 100 1# - MAIN ENTRY--PERSONAL NAME |
| Personal name |
Colgan, Jenny, |
| Relator term |
author. |
| 245 10 - TITLE STATEMENT |
| Title |
Class : |
| Remainder of title |
Welcome to the Little School by the Sea / |
| Statement of responsibility, etc. |
Jenny Colgan. |
| 264 #1 - PRODUCTION, PUBLICATION, DISTRIBUTION, MANUFACTURE, AND COPYRIGHT NOTICE |
| Place of production, publication, distribution, manufacture |
London : |
| Name of producer, publisher, distributor, manufacturer |
Sphere, |
| Date of production, publication, distribution, manufacture, or copyright notice |
[2016] |
| 264 #4 - PRODUCTION, PUBLICATION, DISTRIBUTION, MANUFACTURE, AND COPYRIGHT NOTICE |
| Date of production, publication, distribution, manufacture, or copyright notice |
©2008. |
| 300 ## - PHYSICAL DESCRIPTION |
| Extent |
xiv, 275 pages ; |
| Dimensions |
20 cm. |
| 336 ## - CONTENT TYPE |
| Content type term |
text |
| Content type code |
txt |
| Source |
rdacontent. |
| 337 ## - MEDIA TYPE |
| Media type term |
unmediated |
| Media type code |
n |
| Source |
rdamedia. |
| 338 ## - CARRIER TYPE |
| Carrier type term |
volume |
| Carrier type code |
nc |
| Source |
rdacarrier. |
| 500 ## - GENERAL NOTE |
| General note |
First published: London : Sphere, 2008. |
| 520 ## - SUMMARY, ETC. |
| Summary, etc. |
It's about love lives. Maggie has been dating Stan for years -- safe, comfortable and about as exciting as soggy toast. Can their relationship survive? Especially when Maggie meets David McDonald, her opposite number at the boys' boarding school over the hill. Every single girl in the school has a crush on him, but not Maggie, yet. It's about school lives. Two girls. Same form. Simone Kardashian has won a scholarship and is determined to make her parents proud. Fliss Prosser is furious at being so far from home and her friends. As Simone tries desperately to fit in, Fliss tries desperately to get out. It's about private lives. Veronica Deveral knows how to manage a school. Routine and discipline are fundamental to her role. But Veronica has a secret that could ruin her career. |
| 650 #0 - SUBJECT ADDED ENTRY--TOPICAL TERM |
| Topical term or geographic name entry element |
Teachers |
| Form subdivision |
Fiction. |
| 650 #0 - SUBJECT ADDED ENTRY--TOPICAL TERM |
| Topical term or geographic name entry element |
Teachers |
| Geographic subdivision |
England |
| Form subdivision |
Fiction. |
| 650 #0 - SUBJECT ADDED ENTRY--TOPICAL TERM |
| Topical term or geographic name entry element |
Boarding schools |
| Geographic subdivision |
England |
| Form subdivision |
Fiction. |
| 650 #0 - SUBJECT ADDED ENTRY--TOPICAL TERM |
| Topical term or geographic name entry element |
Romance fiction. |
| Source of heading or term |
genre. |
| 651 #0 - SUBJECT ADDED ENTRY--GEOGRAPHIC NAME |
| Geographic name |
Cornwall (England : County) |
| Form subdivision |
Fiction. |
| 651 #0 - SUBJECT ADDED ENTRY--GEOGRAPHIC NAME |
| Geographic name |
England |
| Form subdivision |
Fiction. |
| 942 ## - ADDED ENTRY ELEMENTS (KOHA) |
| Source of classification or shelving scheme |
|
| Koha item type |
Books - Fiction |